Draft plan for offshore wind energy in Scottish territorial waters (Record no. 110684)

MARC details
000 -LEADER
fixed length control field 01108cad a22002175a 4500
001 - CONTROL NUMBER
control field E149949
008 - FIXED-LENGTH DATA ELEMENTS--GENERAL INFORMATION
fixed length control field 100519s2010 xxk f 000 0 eng d
020 ## - INTERNATIONAL STANDARD BOOK NUMBER
International Standard Book Number 9780755993086
035 ## - SYSTEM CONTROL NUMBER
System control number (Sirsi) u149949
041 0# - LANGUAGE CODE
Language code of text/sound track or separate title eng
110 2# - MAIN ENTRY--CORPORATE NAME
Corporate name or jurisdiction name as entry element Marine Scotland
9 (RLIN) 5740
245 00 - TITLE STATEMENT
Title Draft plan for offshore wind energy in Scottish territorial waters
Medium [electronic resource]
260 ## - PUBLICATION, DISTRIBUTION, ETC.
Place of publication, distribution, etc. Edinburgh
Name of publisher, distributor, etc. Marine Scotland
Date of publication, distribution, etc. 2010
520 ## - SUMMARY, ETC.
Summary, etc. A consultation on a draft plan which looks at the potential for offshore wind energy developments in Scottish Territorial Waters . Makes recommendations for the short (2010-2020), medium (2020-2030) and long term (2030 onwards). Deadline for comments is 16 August 2010.
590 ## - LOCAL NOTE (RLIN)
Local note KA
651 #4 - SUBJECT ADDED ENTRY--GEOGRAPHIC NAME
Geographic name Scotland
Chronological subdivision 1999-
690 ## - LOCAL SUBJECT ADDED ENTRY--TOPICAL TERM (OCLC, RLIN)
Topical term or geographic name as entry element ENVIRONMENTAL AND LAND CONSULTANCY-ENERGY
856 40 - ELECTRONIC LOCATION AND ACCESS
Uniform Resource Identifier <a href="https://www.scotland.gov.uk/Publications/2010/05/14155221/0">https://www.scotland.gov.uk/Publications/2010/05/14155221/0</a>
Public note View the consultation free of charge at www.scotland.gov.uk
856 40 - ELECTRONIC LOCATION AND ACCESS
Uniform Resource Identifier <a href="https://www.scotland.gov.uk/Publications/2010/05/14155137/0">https://www.scotland.gov.uk/Publications/2010/05/14155137/0</a>
Public note View the consultation covering letter free of charge at www.scotland.gov.uk
942 ## - ADDED ENTRY ELEMENTS (KOHA)
Suppress in OPAC 0
Holdings
Withdrawn status Lost status Source of classification or shelving scheme Damaged status Not for loan Home library Current library Shelving location Date acquired Total Checkouts Full call number Barcode Date last seen Copy number Price effective from Koha item type
    Dewey Decimal Classification     Virtual Virtual Online 19/05/2010   ONLINE PUBLICATION 149949-2001 06/08/2019 1 06/08/2019 Book